Statistics for Lana Del Rey - Ride Lyrics

Click here to take the quiz!

General Stats

  • This quiz has been taken 152 times
  • The average score is 249 of 305

Answer Stats

Answer% Correct
(I
99%
I
99%
a
97%
just
96%
ride
96%
on
95%
my
94%
fast
93%
the
93%
drive
92%
in
92%
summer
92%
be
91%
birds
91%
breeze
91%
to
91%
Been
90%
been
90%
So
90%
you
90%
hear
89%
get
88%
hard)
88%
hard
88%
tryin'
88%
can
86%
am
85%
baby
85%
got
85%
not
85%
that
85%
trouble
85%
and
84%
But
84%
but
84%
me
84%
do
83%
I'm
83%
mind
83%
road
83%
trying
83%
into
82%
of
82%
I've
81%
open
81%
war
81%
crazy
80%
daddy
80%
Don't
80%
(Don't
80%
like
80%
time
80%
fucking
79%
tired
79%
at
77%
feeling
77%
full
77%
too
77%
midnight
76%
out
76%
alone
75%
down)
73%
down
73%
all
71%
now
71%
now)
71%
see
71%
eyes
70%
pretty
70%
song)
69%
song
69%
stars
69%
'til
69%
gold
67%
white
67%
break
66%
driving
66%
(Leave
66%
Leave
66%
leave
66%
it
65%
That's
65%
we
65%
gettin'
64%
high
64%
long
64%
long)
64%
old
64%
way
64%
With
64%
(With
64%
father
61%
cold
59%
day
59%
say
59%
one
58%
or
58%
young
58%
goodbye
57%
goodbye)
57%
Singing
57%
turn
57%
Drink
56%
Dying
56%
his
56%
hot
56%
life
56%
has
55%
around
54%
around)
54%
blues
54%
dark
54%
made
54%
myself
54%
playing
54%
dry)
53%
dry
53%
keep
53%
talk
50%
sane
47%
traveling
47%
art
45%
It's
34%
dogs
30%
light
28%

Score Distribution

Percentile by Number Answered

Percent of People with Each Score

Your Score History

You have not taken this quiz